NBA Word Scramble - Statistics

General Stats
  • This quiz has been taken 925 times
  • The average score is 5 of 10
Answer Stats
Word Scrambled Unscrambled % Correct
alrrbyird Larry Bird
99%
Kboberanyt Kobe Bryant
89%
Caremolathnoyn Carmelo Anthony
88%
Tmidnucna Tim Duncan
77%
jelomaesrnb LeBron James
53%
Jrodna Michael Jordan
52%
Mamebawhte White Mamba
36%
Unainmosu Unanimous
20%
rgigde Rigged
13%
acamnphinob Champion
2%
No matching quizzes found
Score Distribution
Percent of People with Each Score
Percentile by Number Answered
Your Score History
You have not taken this quiz